The modern theatre
Αποθηκεύτηκε σε:
| Κύριος συγγραφέας: | |
|---|---|
| Μορφή: | Βιβλίο |
| Γλώσσα: | Αγγλικά |
| Έκδοση: |
Nueva York
Doubleday
1955
|
| Σειρά: | Anchor Books
|
| Θέματα: | |
| Ετικέτες: |
Προσθήκη ετικέτας
Δεν υπάρχουν, Καταχωρήστε ετικέτα πρώτοι!
|
MARC
| LEADER | 00000nam a2200000 a 4500 | ||
|---|---|---|---|
| 001 | UCX5918 | ||
| 003 | CL-VaPUC | ||
| 008 | 930309e19550000US |||||||||||||||||eng|d | ||
| 082 | 0 | 4 | |a 808.82 |b BEN |2 21 |
| 100 | 0 | |a Bentley, Eric |e author |9 322262 | |
| 245 | 1 | 4 | |a The modern theatre |
| 300 | |a 346 p | ||
| 942 | |c BK | ||
| 945 | |d 19930309 00:00:00 | ||
| 260 | |a Nueva York |b Doubleday |c 1955 | ||
| 650 | 7 | |a DRAMAS FRANCESES |2 CL-VaPUC |9 267189 | |
| 650 | 0 | |a Dramas ingleses |9 269396 | |
| 650 | 0 | |a Dramas alemanes |9 266681 | |
| 583 | |a last modification |c 19930309 00:00:00 |k Rodrigo Vera | ||
| 490 | 0 | |a Anchor Books | |
| 999 | |c 226038 |d 226036 | ||
| 952 | |0 0 |1 0 |4 0 |6 808_820000000000000_BEN_1955 |7 0 |8 A |9 224067 |a BIBEDU |b BIBEDU |d 2019-11-15 |h v.2 |i 2929147 |o 808.82 BEN 1955 |p 2929147 |r 2019-11-15 |w 2019-11-15 |y BK |k LIT | ||
| 952 | |0 0 |1 0 |4 0 |6 808_820000000000000_BEN_1955 |7 0 |8 A |9 224068 |a BIBEDU |b BIBEDU |d 2019-11-15 |h v.1 |i 2933616 |o 808.82 BEN 1955 |p 2933616 |r 2019-11-15 |w 2019-11-15 |y BK |k LIT | ||